| 000 | 00593nam a22001697a 4500 | ||
|---|---|---|---|
| 003 | OSt | ||
| 005 | 20171010095448.0 | ||
| 008 | 120621t xxu||||| |||| 00| 0 eng d | ||
| 040 |
_aMMSU _cULS |
||
| 100 |
_aBulong, Katline May C. _910585 |
||
| 245 |
_aEcological impact of anthropogenic activities in Paoay Lake, Ilocos Norte _cKatline May C. Bu;long |
||
| 260 | _c2007 | ||
| 300 |
_axii, 50 leaves _c28 cm. |
||
| 500 | _aThesis (BS Environmental Science) -- Mariano Marcos State University-College of Arts and Sciences, Batac City | ||
| 504 | _aBibliography: leaf 32 | ||
| 942 |
_2ddc _cTHEDIS |
||
| 999 |
_c9586 _d9586 |
||